|
|
|
|
| LEADER |
00000cam a2200000 7i4500 |
| 001 |
0000027872 |
| 005 |
20221101093000.0 |
| 008 |
021119s1983 |
| 090 |
0 |
0 |
|a PJ6106
|b .I8
|
| 100 |
0 |
|
|a ابن السكيت، يعقوب بن اسحاق ,
|e author
|
| 241 |
0 |
0 |
|a Tahdhib islah al-mantiq
|
| 245 |
1 |
0 |
|a تهذيب اصلاح المنطق
|c ابو يوسف يعقوب بن اسحاق السكيت
|f صنعة الخطيب التبريزى
|f تحقيق فخر الدين قباوة
|
| 260 |
2 |
|
|a Bayrut :
|b Dar al-Afaq al-Jadidah ,
|c 1983
|
| 300 |
|
|
|a 1018 p. ;
|c 25 cm.
|
| 504 |
|
|
|a Includes index
|
| 650 |
|
0 |
|a Arabic language
|x Grammar
|
| 700 |
1 |
|
|a تبريزي, يحى بن علي ,
|e author
|
| 700 |
1 |
|
|a قباوة، فخر الدين ,
|e author
|
| 999 |
|
|
|a 1000049821
|b Book
|c OPEN SHELF (30 DAYS)
|e Gong Badak Campus
|